| 000 | 00885cam a22002651 4500 | ||
|---|---|---|---|
| 001 | ne 66000579 | ||
| 003 | DLC | ||
| 005 | 20260227111821.0 | ||
| 008 | 900625s1965 iq a 000 0dararc | ||
| 010 | _ane 66000579 | ||
| 035 | _a(OCoLC)21916100 | ||
| 040 |
_aPrinceton Univ. Libr. _cWaU _dDLC |
||
| 042 | _apremarc | ||
| 043 | _aa-iq--- | ||
| 050 | 0 | 0 |
_aDS79.9.H5 _bK3 |
| 100 | 1 | _aḤillī, Yūsuf Karkūsh. | |
| 245 | 1 | 0 |
_aTārīkh al-Ḥillah, _cli-muʼallifihi Yūsuf Karkūsh al-Ḥillī. |
| 250 | _aal-Ṭabʻah 1. | ||
| 260 |
_aal-Najaf, _bal-Maktabah al-Haydarīyah, _c1965. |
||
| 300 |
_a2 v. _billus. _c25 cm. |
||
| 500 | _aCover title: Tarikh al-Hilla, auctore al-allama al-shaykh Yousif Kerkush. | ||
| 505 | 0 | _aQism 1. al-Ḥayāh al-siyāsīyah--Qism 2. al-Ḥayāh al-fikrīyah. | |
| 651 | 0 |
_aḤillah (Iraq) _xHistory. |
|
| 651 | 0 |
_aḤillah (Iraq) _vBiography. |
|
| 999 |
_c48748 _d48748 |
||